00281nam a22001217a 4500020001800000040000900018082001500027100001700042110002000059245002300079260003700102650002000139 a9780142417416 cNUST a823-CH DAH aDahl, Roald  a Blake, Quentin aBoy and Going Solo a New York:bPuffin Books,c2010. aEnglish Fiction